[Event "POL-ch U16"]
[Site "Jastrzebia Gora"]
[Date "2023.??.??"]
[Round "8"]
[White "Fiszer, Bartosz"]
[Black "Zalega, Maciej"]
[Result "0-1"]
[WhiteElo "2232"]
[BlackElo "2140"]
[PlyCount "88"]
[EventDate "2023.03.11"]
[EventType "swiss"]
[EventRounds "9"]
[EventCountry "POL"]
[SourceTitle "CBM 213 Extra"]
[Source "ChessBase"]
[SourceDate "2023.05.31"]
[SourceVersion "1"]
[SourceVersionDate "2023.05.31"]
[SourceQuality "1"]

1. e4 c5 2. Nf3 Nc6 3. d4 cxd4 4. Nxd4 Nf6 5. Nc3 d6 6. f3 e5 7. Nb3 Be7 8. Be3 0-0 9. Qd2 Be6 10. 0-0-0 a5 11. Bb5 Nb4 12. Kb1 d5 13. exd5 Nbxd5 14. Nxd5 Nxd5 15. Bc4 Nxe3 16. Qxe3 Qc8 17. Bxe6 Qxe6 18. Rhe1 Rfd8 19. Nc1 Bf6 20. Rxd8+ Rxd8 21. Nd3 g6 22. Qe4 Rd5 23. a4 Qd7 24. b3 Kg7 25. g4 h6 26. Rh1 Rd4 27. Qe3 Qc6 28. Nb2 Rxg4 29. Nc4 Rd4 30. Re1 e4 31. fxe4 Rxc4 32. bxc4 Qxa4 33. e5 Qb4+ 34. Ka2 Bg5 35. Qg3 a4 36. e6 Bf6 37. Rb1 Qxc4+ 38. Ka3 Be7+ 39. Kb2 a3+ 40. Kc1 Bg5+ 41. Kd1 a2 42. Ra1 Qd4+ 43. Ke2 Qxa1 44. Qc7 Qf6 0-1

[Event "Ustron op-B"]
[Site "Ustron"]
[Date "2022.08.17"]
[Round "6"]
[White "Zalega, Maciej"]
[Black "Gradalski, Olaf"]
[Result "1-0"]
[WhiteElo "1996"]
[BlackElo "2075"]
[PlyCount "71"]
[EventDate "2022.08.12"]
[EventType "swiss"]
[EventRounds "9"]
[EventCountry "POL"]
[SourceTitle "CBM 209 Extra"]
[Source "ChessBase"]
[SourceDate "2022.09.30"]
[SourceVersion "1"]
[SourceVersionDate "2022.09.30"]
[SourceQuality "1"]

1. e4 e6 2. d4 d5 3. e5 c5 4. c3 Nc6 5. Nf3 Bd7 6. Be2 Rc8 7. 0-0 Nge7 8. Re1 Nf5 9. Bd3 Nh4 10. Nbd2 Nxf3+ 11. Nxf3 Qb6 12. dxc5 Bxc5 13. Qe2 a6 14. h4 h6 15. h5 Qd8 16. Bf4 Na7 17. a4 Be7 18. Nd4 Nc6 19. Nxc6 Rxc6 20. Be3 Bc5 21. Qg4 Bxe3 22. Rxe3 Qg5 23. Qe2 0-0 24. Rg3 Qe7 25. Bc2 f5 26. exf6 Qxf6 27. Rf3 Qg5 28. Bh7+ Kxh7 29. Rxf8 e5 30. Rd1 e4 31. Qd2 Qe7 32. Qf4 Rd6 33. Rd4 b5 34. axb5 axb5 35. Ra8 Rf6 36. Qb8 1-0

[Event "Ustron op-B"]
[Site "Ustron"]
[Date "2022.08.14"]
[Round "3"]
[White "Galuszka, Tomasz"]
[Black "Zalega, Maciej"]
[Result "1/2-1/2"]
[WhiteElo "2156"]
[BlackElo "1996"]
[PlyCount "39"]
[EventDate "2022.08.12"]
[EventType "swiss"]
[EventRounds "9"]
[EventCountry "POL"]
[SourceTitle "CBM 209 Extra"]
[Source "ChessBase"]
[SourceDate "2022.09.30"]
[SourceVersion "1"]
[SourceVersionDate "2022.09.30"]
[SourceQuality "1"]

1. e4 c5 2. Nc3 d6 3. Nf3 Nc6 4. g3 g6 5. Bg2 Bg7 6. 0-0 e6 7. d3 Nge7 8. Be3 Nd4 9. Qd2 Nec6 10. Nd1 0-0 11. Nxd4 cxd4 12. Bh6 Qa5 13. Qxa5 Nxa5 14. Bxg7 Kxg7 15. b4 Nc6 16. b5 Ne7 17. c3 dxc3 18. Nxc3 Bd7 19. Rab1 Rfc8 20. Rb3 1/2-1/2

[Event "Warsaw Chess op-A"]
[Site "Warsaw"]
[Date "2022.07.25"]
[Round "9"]
[White "Zalega, Maciej"]
[Black "Pettersson, Alexander"]
[Result "1-0"]
[WhiteElo "1912"]
[BlackElo "1968"]
[PlyCount "57"]
[EventDate "2022.07.18"]
[EventType "swiss"]
[EventRounds "9"]
[EventCountry "POL"]
[SourceTitle "CBM 209 Extra"]
[Source "ChessBase"]
[SourceDate "2022.09.30"]
[SourceVersion "1"]
[SourceVersionDate "2022.09.30"]
[SourceQuality "1"]

1. e4 c6 2. d4 d5 3. Nc3 dxe4 4. Nxe4 Nd7 5. Nf3 Ngf6 6. Ng3 e6 7. Bd3 Be7 8. 0-0 0-0 9. Qe2 c5 10. c3 b6 11. Be3 Bb7 12. Ne5 Nd5 13. Nxd7 Qxd7 14. Rad1 Qc6 15. f3 Nxe3 16. Qxe3 cxd4 17. cxd4 Qd7 18. Kh1 Rfd8 19. Nh5 Rac8 20. Rfe1 Qd5 21. Be4 Qxh5 22. Bxb7 Bd6 23. f4 Rc2 24. d5 Bc5 25. Qb3 Rf2 26. dxe6 Rfd2 27. Rxd2 Rxd2 28. Bf3 Qh4 29. exf7+ 1-0

[Event "Warsaw Chess op-A"]
[Site "Warsaw"]
[Date "2022.07.23"]
[Round "7"]
[White "Kostecka, Marika"]
[Black "Zalega, Maciej"]
[Result "1-0"]
[WhiteElo "1836"]
[BlackElo "1912"]
[PlyCount "85"]
[EventDate "2022.07.18"]
[EventType "swiss"]
[EventRounds "9"]
[EventCountry "POL"]
[SourceTitle "CBM 209 Extra"]
[Source "ChessBase"]
[SourceDate "2022.09.30"]
[SourceVersion "1"]
[SourceVersionDate "2022.09.30"]
[SourceQuality "1"]

1. e4 c5 2. Nf3 Nc6 3. d4 cxd4 4. Nxd4 Nf6 5. Nc3 d6 6. f3 e5 7. Nb3 Be7 8. Be3 0-0 9. Qd2 Be6 10. 0-0-0 a5 11. Bb5 Qb8 12. g4 Rc8 13. Kb1 a4 14. Bxa4 Nb4 15. g5 Nh5 16. Bb5 Qc7 17. a3 Na6 18. Nd5 Bxd5 19. exd5 g6 20. h4 Ng3 21. Rh2 Nf5 22. h5 Bf8 23. Bf2 b6 24. hxg6 hxg6 25. Rdh1 Bg7 26. Rh3 Kf8 27. Bg1 Ke7 28. Bd3 Nc5 29. Nxc5 bxc5 30. Bxf5 gxf5 31. Rh7 Rg8 32. g6 f6 33. Qd3 Qd7 34. f4 Rab8 35. Bf2 e4 36. Qc3 Qe8 37. Rg1 Kf8 38. Bh4 Qe7 39. Qh3 Qb7 40. Bxf6 Qxd5 41. Bxg7+ Rxg7 42. Rh8+ Rg8 43. Rxg8+ 1-0

[Event "Warsaw Chess op-A"]
[Site "Warsaw"]
[Date "2022.07.22"]
[Round "5"]
[White "Khamidov, Abdulla"]
[Black "Zalega, Maciej"]
[Result "0-1"]
[WhiteElo "1834"]
[BlackElo "1912"]
[PlyCount "96"]
[EventDate "2022.07.18"]
[EventType "swiss"]
[EventRounds "9"]
[EventCountry "POL"]
[SourceTitle "CBM 209 Extra"]
[Source "ChessBase"]
[SourceDate "2022.09.30"]
[SourceVersion "1"]
[SourceVersionDate "2022.09.30"]
[SourceQuality "1"]

1. e4 c5 2. Nf3 d6 3. d4 cxd4 4. Nxd4 Nf6 5. Nc3 Nc6 6. Bg5 Bd7 7. Qd2 Rc8 8. Be2 Nxd4 9. Qxd4 Qa5 10. Bd2 a6 11. 0-0 Qc5 12. Qd3 b5 13. a3 Be6 14. Be3 Qc6 15. Bd4 Bc4 16. Qe3 Bxe2 17. Qxe2 e5 18. Ba7 Rc7 19. Qe3 Rb7 20. a4 b4 21. Nd5 Nxd5 22. exd5 Qc7 23. Bd4 Be7 24. Qg3 0-0 25. Be3 Qxc2 26. Bc1 Bf6 27. h4 Qf5 28. Be3 Rc7 29. Rac1 Rfc8 30. Bd2 Rxc1 31. Bxc1 Rc4 32. Qe3 h6 33. Qb6 Rxh4 34. Qxa6 Qh5 35. Qc8+ Kh7 36. Qc2+ g6 37. f3 Rh1+ 38. Kf2 Rxf1+ 39. Kxf1 Qh1+ 40. Kf2 Bh4+ 41. Ke2 Qxg2+ 42. Kd3 Qf1+ 43. Qe2 Qxc1 44. a5 Qc5 45. Qe4 Bf2 46. f4 f5 47. Qg2 e4+ 48. Kd2 Qe3+ 0-1

[Event "Warsaw Chess op-A"]
[Site "Warsaw"]
[Date "2022.07.19"]
[Round "2"]
[White "Atkinson, Paul"]
[Black "Zalega, Maciej"]
[Result "1/2-1/2"]
[WhiteElo "2116"]
[BlackElo "1912"]
[PlyCount "98"]
[EventDate "2022.07.18"]
[EventType "swiss"]
[EventRounds "9"]
[EventCountry "POL"]
[SourceTitle "CBM 209 Extra"]
[Source "ChessBase"]
[SourceDate "2022.09.30"]
[SourceVersion "1"]
[SourceVersionDate "2022.09.30"]
[SourceQuality "1"]

1. Nf3 Nf6 2. c4 g6 3. b4 Bg7 4. Bb2 0-0 5. g3 d5 6. cxd5 Nxd5 7. Bxg7 Kxg7 8. Qb3 Qd6 9. Qb2+ Kg8 10. a3 Re8 11. Bg2 e5 12. d3 Nb6 13. 0-0 f5 14. Nc3 a6 15. Rad1 Nc6 16. Ng5 Nd4 17. Qa2+ Ne6 18. h4 Kg7 19. Qb2 Nxg5 20. hxg5 c6 21. d4 Kg8 22. dxe5 Qxe5 23. Qc1 Qe7 24. Rfe1 Be6 25. e4 Qf7 26. Bh3 Rad8 27. exf5 Bxf5 28. Bxf5 Qxf5 29. Rxd8 Rxd8 30. Ne4 Nd5 31. Qc4 Qf7 32. Qd4 Re8 33. Kg2 Qg7 34. Qd2 Rf8 35. f3 Qf7 36. Qd3 Kh8 37. Re2 Qd7 38. Rd2 Rd8 39. Nc5 Qg7 40. Qe2 Qf7 41. Qe5+ Kg8 42. Re2 Rf8 43. f4 Ra8 44. Qd6 Re8 45. Rxe8+ Qxe8 46. Ne6 Kf7 47. Nd8+ Kg8 48. Qe6+ Qxe6 49. Nxe6 Ne3+ 1/2-1/2

[Event "Warsaw Najdorf Memorial op-A"]
[Site "Warsaw"]
[Date "2022.07.17"]
[Round "9"]
[White "Padalka, Artem"]
[Black "Zalega, Maciej"]
[Result "0-1"]
[WhiteElo "2204"]
[BlackElo "1912"]
[PlyCount "100"]
[EventDate "2022.07.09"]
[EventType "swiss"]
[EventRounds "9"]
[EventCountry "POL"]
[SourceTitle "CBM 209 Extra"]
[Source "ChessBase"]
[SourceDate "2022.09.30"]
[SourceVersion "1"]
[SourceVersionDate "2022.09.30"]
[SourceQuality "1"]

1. c4 Nc6 2. g3 Nf6 3. Bg2 e6 4. Nf3 d5 5. 0-0 Bd6 6. d4 0-0 7. Nc3 dxc4 8. e4 Bb4 9. e5 Bxc3 10. bxc3 Nd5 11. Ng5 f5 12. exf6 gxf6 13. Nf3 Nxc3 14. Qc2 Nb5 15. Rd1 Nd6 16. Ba3 Rb8 17. g4 Bd7 18. g5 Qe8 19. gxf6 Rxf6 20. Ne5 Nb5 21. Bb2 Nxe5 22. dxe5 Rg6 23. Rxd7 Qxd7 24. Qxc4 Rd8 25. a4 Nd4 26. Kh1 Nf5 27. Qe4 Qd1+ 28. Qe1 Qxe1+ 29. Rxe1 Rd2 30. Bc1 Rxf2 31. Bxb7 h5 32. Be4 Rg7 33. a5 h4 34. a6 h3 35. Bb7 Rg4 36. Ba3 Rgf4 37. Rg1+ Kf7 38. Bc5 Nd4 39. Bxa7 Ra2 40. Rd1 Nf3 41. Bg1 Nxg1 42. Kxg1 Rg4+ 43. Kf1 Rb4 44. Ke1 Kg6 45. Bf3 Rxa6 46. Kf2 Ra2+ 47. Kg3 Rb3 48. Kg4 Ra4+ 49. Kg3 Raa3 50. Rf1 Kf5 0-1

[Event "Warsaw Najdorf Memorial op-A"]
[Site "Warsaw"]
[Date "2022.07.16"]
[Round "8"]
[White "Zalega, Maciej"]
[Black "Fiedorek, Michal"]
[Result "0-1"]
[WhiteElo "1912"]
[BlackElo "2289"]
[PlyCount "117"]
[EventDate "2022.07.09"]
[EventType "swiss"]
[EventRounds "9"]
[EventCountry "POL"]
[SourceTitle "CBM 209 Extra"]
[Source "ChessBase"]
[SourceDate "2022.09.30"]
[SourceVersion "1"]
[SourceVersionDate "2022.09.30"]
[SourceQuality "1"]

1. e4 c6 2. d4 d5 3. Nc3 a6 4. e5 b5 5. Bd3 c5 6. dxc5 e6 7. b4 Nc6 8. a3 Nxe5 9. Nf3 Nc6 10. Bb2 Nf6 11. Ne2 Be7 12. Ned4 Nxd4 13. Bxd4 0-0 14. Ne5 Qc7 15. 0-0 Ne4 16. f3 Ng5 17. Qe2 f6 18. f4 Ne4 19. Ng4 Bb7 20. Rf3 Bc6 21. Raf1 a5 22. Rh3 axb4 23. axb4 Qd7 24. Nf2 Bd8 25. c3 f5 26. Bb1 Bf6 27. Qb2 Qa7 28. Nd3 Qa1 29. Bxf6 gxf6 30. Rc1 Ra3 31. Qe2 Rxc3 32. Re1 Qa7 33. Qb2 d4 34. Nf2 Rxh3 35. Nxh3 Rd8 36. Nf2 Qa8 37. Qe2 Kh8 38. Nxe4 fxe4 39. Bxe4 Bxe4 40. Qxe4 Qxe4 41. Rxe4 d3 42. Re1 Rd4 43. Rd1 Kg7 44. Kf2 Rxb4 45. Ke3 Rc4 46. Rxd3 Rxc5 47. Rd6 Kf7 48. Rb6 Rc3+ 49. Ke2 Rb3 50. g3 h5 51. Kf2 Rb2+ 52. Kf3 b4 53. h3 b3 54. g4 hxg4+ 55. hxg4 Rb1 56. Ke2 b2 57. Kd2 Rf1 58. Rxb2 Rxf4 59. g5 0-1

[Event "Warsaw Najdorf Memorial op-A"]
[Site "Warsaw"]
[Date "2022.07.15"]
[Round "7"]
[White "Vanduyfhuys, Daria"]
[Black "Zalega, Maciej"]
[Result "1/2-1/2"]
[WhiteElo "2094"]
[BlackElo "1912"]
[PlyCount "84"]
[EventDate "2022.07.09"]
[EventType "swiss"]
[EventRounds "9"]
[EventCountry "POL"]
[SourceTitle "CBM 209 Extra"]
[Source "ChessBase"]
[SourceDate "2022.09.30"]
[SourceVersion "1"]
[SourceVersionDate "2022.09.30"]
[SourceQuality "1"]

1. d4 Nf6 2. c4 e6 3. Nf3 b6 4. g3 Ba6 5. b3 Bb4+ 6. Bd2 Be7 7. Bg2 0-0 8. 0-0 d5 9. Bc3 c5 10. Nbd2 Qc7 11. dxc5 bxc5 12. Bb2 Nbd7 13. Qc2 Rac8 14. Rfe1 Rfd8 15. Rac1 Bb7 16. Qb1 Nb6 17. cxd5 exd5 18. Be5 Qc6 19. Nd4 Qe8 20. Nf5 Nbd7 21. Bd6 Bf8 22. e4 d4 23. Nc4 Nb6 24. Bxf8 Qxf8 25. Nfd6 Rc7 26. Nb5 Re7 27. Nxa7 Nxc4 28. bxc4 Bxe4 29. Bxe4 Rxa7 30. Bf3 Qd6 31. Rc2 Ra3 32. Kg2 Rxf3 33. Kxf3 Qc6+ 34. Kf4 d3 35. Rb2 Rd4+ 36. Ke3 g6 37. f3 Qe6+ 38. Kf2 Qxc4 39. Rd1 Nd5 40. Rbd2 Nc3 41. Qb8+ Kg7 42. Qe5+ Kg8 1/2-1/2